| 000 | 00719nam a2200205 a 4500 | ||
|---|---|---|---|
| 005 | 20210223130753.0 | ||
| 008 | 081103s1981 mx r 000 0 spa d | ||
| 035 | _aUPN01000164773 | ||
| 049 | _aUNE | ||
| 080 | _a372.3 (560) =20 KAG No.88. | ||
| 100 | 1 | _aKagitcibasi, Cigdem | |
| 245 | 1 | 0 |
_aEarly childhood education and pre-school intervention : _bexperiences of early childhood development and education project of Turkey / _cby Cigdem Kagitcibasi. |
| 260 |
_aParÃs : _bUNESCO ; _aNew York : _bUNICEF, _c1981. |
||
| 300 | _a16 p. | ||
| 440 | 0 |
_aNotes, comments... ; _v88 |
|
| 690 | _aEducacion preescolar - Turquia | ||
| 710 | 2 |
_aUNICEF _924085 |
|
| 710 | 2 | _aPrograma de Alimentación Mundial | |
| 905 | _aUNESCO | ||
| 999 |
_c136885 _d136885 |
||